000 01770ncm0a2200361 4500
001 RU\NLR\ONIZ\211429
005 20250624195447.0
013 _a979-0-706365-28-2
021 _aRU
_b09-321н
_909-27н
035 _aRU\NLR\ONIZ\Таня\5000001815\20150421165452
035 _a(NLR Aleph) 010891018
071 2 0 _a10144
090 _a10553518
_c10553518
100 _a20150421d2009 |||y0rusy50 ca
101 0 _arus
102 _aRU
125 _azx
145 0 _ab
200 1 _aЛегкая музыка эпохи барокко
_bНоты
_eдля фп.
_e1 кл.
_fсост. С. А. Чернышков
210 _aМосква
_cКЛАССИКА - XXI
_d2009
215 _a[23] с.
_d29 см
313 _aСистематизация документа проведена по изданию - Методика классифицирования музыкальных произведений (нотных изданий) по таблицам Библиотечно-библиографических классификаций : метод. рекомендации / Гос. б-ка СССР им. В.И. Ленина.- М., 1977. Индексу ББК методических рекомендаций присваивается код ББК для научных библиотек - LBC/SL
686 _aЩ954.29я43
_vLBC/SL
_2rubbk
701 1 _9z01790
_aЧернышков
_bС. А.
_gСергей Александрович
_4220
790 1 _9z01701
_aCherny'shkov
_bS. A.
_gSergej Aleksandrovich
_4220
801 0 _aRU
_bNLR
_c20150421
_gPSBO
801 1 _aRU
_bNLR
_c20150421
_2rusmarc
801 2 _aRU
_bNLR
_c20190630
852 _aNLR
_bМ
_jК-3/24638(1)
_pМОЭ 2009-27н/321н
_t1
942 _cSCORE
980 _aNB
980 _aONIZ